Carlos V
Saved in:
| Main Author: | |
|---|---|
| Format: | Book |
| Language: | Spanish |
| Published: |
Madrid, España
Alianza Editorial
1991
|
| Series: | El Libro de Bolsillo. Humanidades,
1555 |
| Subjects: | |
| Tags: |
Add Tag
No Tags, Be the first to tag this record!
|
MARC
| LEADER | 00000cam a2200000 a 4500 | ||
|---|---|---|---|
| 001 | UCD4127 | ||
| 003 | CL-VaPUC | ||
| 005 | 20210521001553.0 | ||
| 008 | 160623e19910000sp |||||||||||||||||spa|d | ||
| 999 | |c 365071 |d 365069 | ||
| 020 | |a 8420605557 | ||
| 040 | |c Pontificia Universidad Católica de Valparaíso | ||
| 082 | 0 | 4 | |a 940.193 RAD 1991 |2 21 |
| 100 | 0 | |a Rady, Martyn |e author |9 587747 | |
| 245 | 1 | 0 | |a Carlos V |
| 260 | |a Madrid, España |b Alianza Editorial |c 1991 | ||
| 300 | |a 235 páginas | ||
| 490 | 0 | |a El Libro de Bolsillo. Humanidades, |v 1555 | |
| 583 | |a last modification |c 20160623 20:48:00 |k Rodrigo Vera | ||
| 600 | 0 | 7 | |a CARLOS V |2 CL-VaPUC |9 349626 |z ESPAÑA |
| 650 | 7 | |a MONARQUIA ESPAÑOLA |2 CL-VaPUC |9 587748 | |
| 650 | 0 | |a Historia de España |9 315435 | |
| 852 | |a BIBCUR | ||
| 942 | |c BK |2 ddc | ||
| 945 | |d 20160623 20:48:00 |a arojas | ||
| 952 | |0 0 |1 0 |2 ddc |3 erb |4 0 |6 940_193000000000000_RAD_1991 |7 0 |8 A |9 478773 |a FDOHBE |b FDOHBE |e Huesbe Llanos, Marco Antonio, 1934- |i 5333814 |o 940.193 RAD 1991 |p 5333814 |r 2024-01-30 |t 1 |w 2019-11-24 |y BK |z Catalogado en:20160623 |k HBE | ||